000 00955nam a22002897a 4500
001 BR9701271
003 BR-BrBNA
005 20230928095332.0
007 ta
008 230509b bl.||||| |||| 00| 0 por d
040 _aBR-BrBNA
_bpor
_cBiblioteca Nacional de Agricultura
041 _a(Por)
072 _aF06
_b3322
090 _ 3322 BR9701271
100 1 _aFernandes, A.L.T.
110 1 _aEscola Superior de Agricultura Luiz de Queiroz, Piracicaba, SP (Brasil)
_0Tese (Mestre em Agronomia)
245 1 _aMonitoramento da cultura do crisantemo em estufa atraves do uso de lisimetro e estacao agrometeorologica automatizados
260 3 _aPiracicaba, SP (Brasil):
_c1996.
300 _a96 p.
500 _aBibliography p. 82-90; 36 illus; 34 tables; Summaries (Eng, Por)
650 _aCrisantemo
650 _aIrrigacao
650 _aEstufa
650 _aEquipamento de Irrigacao
909 _a202309
_bLucia
_c55
_dLucia Elande
942 _cBK
999 _c55951
_d55951